| 000 | 00847nam a2200229 a 4500 | ||
|---|---|---|---|
| 001 | 16777030 | ||
| 008 | 170113s2011 ||||||||||||||||| || u | ||
| 010 | _a2011929701 | ||
| 020 | _a9780857020857 | ||
| 020 | _a9781412918473 | ||
| 050 | _aHF 3497 Sud | ||
| 100 | _aSuder, Gabriele | ||
| 245 | 1 | 0 |
_aDoing business in Europe. (2nd ed _cBy Gabriele, Suder |
| 250 | _a2nd ed. | ||
| 260 |
_aLos Angeles: _bSAGE Publications _c2011 |
||
| 300 | _axvii, 452 p. : ill. | ||
| 500 | _aIncludes bibliographical references and index. | ||
| 650 | 0 | _aBUSINESS ENTERPRISES--EUROPE | |
| 650 | 0 | _aBUSINESS ENTERPRISES--EUROPE--CASE STUDIES | |
| 650 | 0 | _aEUROPE--COMMERCE--HANDBOOKS, MANUALS, ETC | |
| 995 |
_FCBU-MAIN LIBRARY (Kitwe) _M1 _UAVAILABLE _WFeb 13, 2017 _ZMain Library Open Access Collection |
||
| 999 |
_c40430 _d40430 |
||